|
|
|
|
| LEADER |
00000Cmm#a2200000#a#4500 |
| 001 |
000573 |
| 005 |
20160707152939.0 |
| 008 |
010308s1999####ag ####### a #######spa#d |
| 040 |
|
|
|a AR-BeUNQ
|
| 082 |
0 |
4 |
|a 530
|2 21
|
| 099 |
|
|
|a 21-R16
|
| 100 |
1 |
|
|a Rela, Agustín
|
| 245 |
0 |
2 |
|a Física :
|b mecánica, ondas y calor.
|c Agustín Rela, Jorge Sztrajman.
|n I /
|
| 256 |
|
|
|a [recurso electrónico].
|
| 260 |
|
|
|a Buenos Aires :
|b Aique,
|c 1999
|
| 300 |
|
|
|a 1 disquete ;
|c 3 1/2 plg.
|
| 500 |
|
|
|a Material complementario de: Física I / Agustín Rela, Jorge Sztrajman.
|
| 500 |
|
|
|a Título tomado del marbete del disco
|
| 942 |
|
|
|c DIS
|n 0
|
| 650 |
|
7 |
|a ESTATICA
|2 spines
|
| 650 |
|
7 |
|a DINAMICA
|2 spines
|
| 650 |
|
7 |
|a HIDROSTATICA
|2 spines
|
| 650 |
|
7 |
|a OPTICA GEOMETRICA
|2 spines
|
| 650 |
|
7 |
|a ELECTRICIDAD
|2 spines
|
| 650 |
|
7 |
|a ELECTROMAGNETISMO
|2 spines
|
| 650 |
|
7 |
|a ASTROFISICA
|2 spines
|
| 650 |
|
7 |
|a FISICA NUCLEAR
|2 spines
|
| 700 |
1 |
|
|a Sztrajman, Jorge
|
| 929 |
|
|
|a COMPRA
|b Prometeo
|d 10,00
|e 20010215
|f envíados por Ricardo Gianoti
|j 28608
|
| 999 |
|
|
|c 2654
|d 78041
|